| 000 | 01089nam a2200313 i 4500 | ||
|---|---|---|---|
| 001 | 000039211 | ||
| 003 | DO-SdBNP | ||
| 005 | 20240716101909.0 | ||
| 006 | a||||gr|||| 00| 0 | ||
| 007 | ta | ||
| 008 | 130611e1993 sp b 000 0 spa d | ||
| 020 | _a8400073703 | ||
| 040 |
_aDO-SdBNP _bspa _cBNPHU _erda |
||
| 082 | 4 |
_222 _bR112b |
|
| 100 | 1 |
_aRábanos Espinosa, Ricardo _965407 _eautor |
|
| 245 | 1 | 0 |
_aBibliografía bíblica hispanoamericana / _cRicardo Rábanos Espinosa; prólogo, Domingo Muñoz León. |
| 264 |
_aMadrid, España : _bConsejo Superior de Investigaciones Científicas, _c1993 |
||
| 300 |
_a562 páginas ; _c24 cm. |
||
| 336 |
_2rda content _atexto _btxt |
||
| 337 |
_2rdamedia _asin mediación _bn |
||
| 338 |
_2rdacarrier _avolumen _bnc |
||
| 490 | 0 |
_aBibliotheca Hispana Biblica ; _vvolumen 15 |
|
| 500 | _aIncluye índice de autores. | ||
| 590 | _aInventariado 2024 / MF | ||
| 650 | 4 |
_aBiblia _xBibliografía _915261 |
|
| 700 | 1 | 4 |
_aMuñoz León, Domingo, _915356 _eprólogo |
| 710 | 2 |
_aConsejo Superior de Investigaciones Científicas _94786 |
|
| 942 |
_2ddc _cLBS1 |
||
| 999 |
_c38701 _d38701 |
||